Statistics for Countries With The Most Volcanos

Click here to take the quiz!

General Stats

  • This quiz has been taken 53 times
  • The average score is 7 of 10

Answer Stats

countries with the most volcanos% Correct
United States
100%
Indonesia
97%
Japan
92%
Russia
83%
Mexico
81%
Chile
75%
Philippines
67%
Argentina
64%
Papua New Guinea
56%
Ethiopia
14%

Score Distribution

Percentile by Number Answered

Percent of People with Each Score

Your Score History

You have not taken this quiz